[Event "59th World Juniors 2022"]
[Site "Cala Gonone ITA"]
[Date "2022.10.19"]
[Round "8.1"]
[White "Kozak, Adam"]
[Black "Kacharava, Nikolozi"]
[Result "1/2-1/2"]
[WhiteTitle "GM"]
[BlackTitle "IM"]
[WhiteElo "2516"]
[BlackElo "2512"]
[WhiteFideId "753246"]
[BlackFideId "13611860"]
[EventDate "2022.10.12"]

1. c4 e5 2. Nc3 Nf6 3. Nf3 Nc6 4. e4 Bc5 5. Nxe5 Nxe5 6. d4 Bb4 7. dxe5 Nxe4 8.
Qf3 Nxc3 9. bxc3 Ba5 10. Bf4 O-O 11. Be2 Qe7 12. O-O d6 13. exd6 cxd6 14. Rad1
Re8 15. Rd2 Qf6 16. Rc1 Be6 17. Bxd6 Qxf3 18. Bxf3 Bxc4 19. h3 Rad8 20. Bxb7 Re7
21. Bf3 Red7 22. Rcd1 Bxc3 23. Rc2 Rxd6 24. Rxd6 Rxd6 25. Rxc3 Be6 26. Rc7 Ra6
27. Bd5 Kf8 28. Bb3 Bxb3 29. axb3 g6 30. b4 Rb6 31. Rxa7 Rxb4 1/2-1/2

[Event "59th World Juniors 2022"]
[Site "Cala Gonone ITA"]
[Date "2022.10.19"]
[Round "8.2"]
[White "Esipenko, Andrey"]
[Black "Ivic, Velimir"]
[Result "1/2-1/2"]
[WhiteTitle "GM"]
[BlackTitle "GM"]
[WhiteElo "2668"]
[BlackElo "2553"]
[WhiteFideId "24175439"]
[BlackFideId "950122"]
[EventDate "2022.10.12"]

1. d4 Nf6 2. c4 g6 3. g3 c6 4. Bg2 d5 5. Nf3 Bg7 6. O-O O-O 7. Nc3 dxc4 8. e4 b5
9. Qe2 a5 10. Rd1 Nbd7 11. e5 Nd5 12. e6 N7b6 13. exf7+ Rxf7 14. Ne5 Bxe5 15.
dxe5 Bf5 16. Ne4 Bxe4 17. Bxe4 Qc7 18. e6 Rf6 19. Bg5 Rff8 20. Bh6 Rf6 21. Bg5
Rff8 22. a4 b4 23. Bh6 Rf6 24. Bg5 Rff8 25. Bh6 Rf6 26. Bg5 Rff8 1/2-1/2

[Event "59th World Juniors 2022"]
[Site "Cala Gonone ITA"]
[Date "2022.10.19"]
[Round "8.3"]
[White "Samunenkov, Ihor"]
[Black "Svane, Frederik"]
[Result "0-1"]
[WhiteTitle "IM"]
[BlackTitle "GM"]
[WhiteElo "2473"]
[BlackElo "2566"]
[WhiteFideId "14187086"]
[BlackFideId "12923044"]
[EventDate "2022.10.12"]

1. d4 Nf6 2. Nc3 d5 3. Bf4 e6 4. Nb5 Na6 5. e3 Be7 6. Nf3 Nh5 7. Be5 f6 8. Bg3
c6 9. Nc3 O-O 10. Be2 c5 11. O-O Nxg3 12. hxg3 Nc7 13. dxc5 Bxc5 14. e4 Bb4 15.
exd5 Bxc3 16. bxc3 Qxd5 17. Qxd5 Nxd5 18. Bc4 Nxc3 19. Nd4 Rd8 20. Nxe6 Bxe6 21.
Bxe6+ Kf8 22. Rfe1 Rd2 23. Bf5 Re8 24. Bxh7 Rxe1+ 25. Rxe1 Rd1 26. Rxd1 Nxd1 27.
Be4 b5 28. Bd5 Nc3 29. Bb3 a5 30. Kf1 a4 31. Be6 Ke7 32. Bg8 Kd6 33. Ke1 Kc5 34.
Kd2 Kd4 35. f3 Nb1+ 36. Kc1 Na3 37. Kd2 b4 38. g4 Nb1+ 39. Kc1 Na3 40. Kd2 Nb5
41. Bf7 Nd6 42. Bg8 a3 43. Be6 Nb7 44. Bf7 Na5 45. Bg8 Nc6 46. Be6 g5 47. Bf7
Ne5 48. Be6 Ng6 49. g3 Ne5 50. f4 Nc6 51. Bd7 Na5 52. Be6 Nb7 53. Bf5 Nc5 54.
Bh7 Na4 55. fxg5 fxg5 56. Bg8 Nc3 57. Bf7 Ne4+ 58. Kc1 Nxg3 59. Kd2 Ne4+ 60. Kc1
Kc3 61. Be6 Kd4 62. Bf5 Nc3 63. Be6 Ke3 64. Bc4 Kf3 65. Be6 Ke2 66. Bf7 Ke1 67.
Be6 Ne2+ 68. Kb1 Kd2 69. Bf5 Nc3+ 70. Ka1 Kc1 71. Bd3 Nd5 72. Be4 Ne3 73. Bf5
Nxf5 74. gxf5 g4 75. f6 g3 0-1

[Event "59th World Juniors 2022"]
[Site "Cala Gonone ITA"]
[Date "2022.10.19"]
[Round "8.4"]
[White "Kosakowski, Jakub"]
[Black "Mendonca, Leon Luke"]
[Result "1/2-1/2"]
[WhiteTitle "IM"]
[BlackTitle "GM"]
[WhiteElo "2465"]
[BlackElo "2558"]
[WhiteFideId "1185080"]
[BlackFideId "35028561"]
[EventDate "2022.10.12"]

1. e4 c5 2. c3 d5 3. exd5 Qxd5 4. d4 Nf6 5. Nf3 Bg4 6. Nbd2 Nc6 7. Bc4 Bxf3 8.
Qxf3 Qxf3 9. Nxf3 cxd4 10. Nxd4 Nxd4 11. cxd4 e6 12. Bb5+ Kd8 13. Be3 Bd6 14.
Ke2 h6 15. Rac1 Ke7 16. h3 Nd5 17. Bc4 Nb6 18. Bb3 Rhd8 19. g4 Rac8 20. h4 Rxc1
21. Rxc1 Nd5 22. Bxd5 exd5 23. h5 Kd7 24. f3 Rc8 25. Rxc8 Kxc8 26. f4 Kd7 27. f5
f6 28. Kd3 Kc6 29. Bd2 Kb5 30. b3 Kc6 1/2-1/2

[Event "59th World Juniors 2022"]
[Site "Cala Gonone ITA"]
[Date "2022.10.19"]
[Round "8.5"]
[White "Sonis, Francesco"]
[Black "Prraneeth, Vuppala"]
[Result "1/2-1/2"]
[WhiteTitle "GM"]
[BlackTitle "IM"]
[WhiteElo "2531"]
[BlackElo "2451"]
[WhiteFideId "895733"]
[BlackFideId "46622373"]
[EventDate "2022.10.12"]

1. e4 e5 2. Nf3 Nc6 3. Bb5 a6 4. Ba4 Nf6 5. O-O b5 6. Bb3 Bc5 7. a4 Rb8 8. c3 d6
9. d4 Bb6 10. a5 Ba7 11. h3 Bb7 12. Be3 Nxe4 13. Re1 exd4 14. cxd4 d5 15. Nc3
Ne7 16. Nxe4 dxe4 17. Ng5 Bd5 18. Nxe4 O-O 19. Bf4 Ng6 20. Bg5 f6 21. Be3 Kh8
22. Nc5 f5 23. f3 Bxb3 24. Qxb3 Bxc5 25. dxc5 Qf6 26. Qb4 Rbd8 27. Rad1 h6 28.
Qc3 Qh4 29. Bd4 Rg8 30. c6 Nf4 31. Kh2 Rd6 32. Be5 Rg6 33. Bxf4 Qxf4+ 34. Kh1
Qg5 35. Re2 Kh7 36. Rd7 Qg3 37. b3 Re8 38. Rdd2 Re4 39. Qc2 Rf4 40. Re3 Qg5 41.
Rd1 Qf6 42. Qc3 Qxc6 43. Qxc6 Rxc6 44. Rd7 1/2-1/2

[Event "59th World Juniors 2022"]
[Site "Cala Gonone ITA"]
[Date "2022.10.19"]
[Round "8.6"]
[White "Batsuren, Dambasuren"]
[Black "Gadimbayli, Abdulla"]
[Result "0-1"]
[WhiteTitle "GM"]
[BlackTitle "IM"]
[WhiteElo "2522"]
[BlackElo "2499"]
[WhiteFideId "4902920"]
[BlackFideId "13404938"]
[EventDate "2022.10.12"]

1. d4 d5 2. c4 dxc4 3. e4 b5 4. a4 c6 5. axb5 cxb5 6. Nc3 Qb6 7. Nd5 Qb7 8. Bf4
e5 9. Bxe5 Nd7 10. Bf4 Ngf6 11. Nc7+ Kd8 12. Nxa8 Qxe4+ 13. Ne2 Qxa8 14. Nc3 Bb4
15. f3 Nd5 16. Bd2 Bxc3 17. bxc3 a6 18. Kf2 Qc6 19. h4 h5 20. Be2 Bb7 21. Re1
Kc7 22. Qb1 g6 23. Bd1 Qf6 24. Re4 Qd6 25. Bc2 Qh2 26. Qc1 Kc8 27. Bf4 Qxh4+ 28.
Bg3 Qd8 29. Qa3 h4 30. Bd6 h3 31. g4 f5 32. Re6 h2 33. Rh1 f4 34. Be7 Qc7 35.
Be4 a5 36. Bd6 Qd8 37. Be7 Qc7 38. Bxd5 Bxd5 39. Rd6 Qb7 40. Qxa5 Bxf3 41. d5
Bxd5 42. Rxd5 Qxd5 43. Qa6+ Qb7 44. Qxb7+ Kxb7 45. Kf3 Nb6 46. Bf6 Rh3+ 47. Kg2
Rh7 48. Be5 Nd5 49. g5 b4 50. cxb4 c3 51. Kf3 c2 52. Bb2 Nxb4 53. Ke4 Na2 0-1

[Event "59th World Juniors 2022"]
[Site "Cala Gonone ITA"]
[Date "2022.10.19"]
[Round "8.7"]
[White "Isik, Alparslan"]
[Black "Petkov, Momchil"]
[Result "1/2-1/2"]
[WhiteTitle "FM"]
[BlackTitle "GM"]
[WhiteElo "2377"]
[BlackElo "2511"]
[WhiteFideId "34506896"]
[BlackFideId "2921642"]
[EventDate "2022.10.12"]

1. Nf3 d5 2. g3 Nf6 3. Bg2 e6 4. O-O Be7 5. d4 O-O 6. c4 a5 7. Nc3 c6 8. b3 b6
9. Bb2 Ba6 10. Qd3 Nbd7 11. Rfd1 Qb8 12. a4 Bb4 13. Rac1 Ra7 14. e3 Rc8 15. Nd2
e5 16. dxe5 Nxe5 17. Qf5 Nfg4 18. h3 Nh6 19. Qc2 dxc4 20. Nxc4 Bxc4 21. bxc4
Nxc4 22. Ba1 Nd6 23. Ne4 Nhf5 24. Nxd6 Nxd6 25. Qb2 f6 26. Rxc6 Rxc6 27. Bxc6
Qc8 28. Qb3+ Kh8 29. Bg2 Rc7 30. Qd5 Rc1 31. Kh2 Rxd1 32. Qxd1 Qf5 33. Qe2 Bc5
34. Bb2 h6 1/2-1/2

[Event "59th World Juniors 2022"]
[Site "Cala Gonone ITA"]
[Date "2022.10.19"]
[Round "8.8"]
[White "Iniyan, P"]
[Black "Droin, Augustin"]
[Result "1-0"]
[WhiteTitle "GM"]
[BlackTitle "FM"]
[WhiteElo "2541"]
[BlackElo "2416"]
[WhiteFideId "25002767"]
[BlackFideId "45105987"]
[EventDate "2022.10.12"]

1. d4 Nf6 2. c4 e6 3. Nf3 Bb4+ 4. Bd2 a5 5. g3 d5 6. Qc2 O-O 7. Bg2 c5 8. O-O
cxd4 9. Nxd4 e5 10. Nb5 d4 11. Bg5 Na6 12. Rd1 h6 13. Bxf6 Qxf6 14. Nd2 Qb6 15.
Nf3 Re8 16. Nh4 Be6 17. b3 Be7 18. Qe4 Bxh4 19. gxh4 Qd8 20. e3 Nc5 21. Qxe5 Bg4
22. Qxc5 Bxd1 23. Rxd1 dxe3 24. Rxd8 e2 25. Rxa8 e1=Q+ 26. Bf1 Rxa8 27. Qe3 Qa1
28. Nd6 Qd1 29. c5 a4 30. Qf4 Rf8 31. bxa4 f5 32. Nxf5 Qd7 33. Qc4+ Kh8 34. Ng3
Qd2 35. Ne4 Qf4 36. h5 Qe5 37. Ng3 Rf4 38. Qc2 Qd4 39. a5 1-0

[Event "59th World Juniors 2022"]
[Site "Cala Gonone ITA"]
[Date "2022.10.19"]
[Round "8.9"]
[White "Kozak, Antoni"]
[Black "Nesterov, Arseniy"]
[Result "0-1"]
[BlackTitle "GM"]
[WhiteElo "2440"]
[BlackElo "2567"]
[WhiteFideId "21832030"]
[BlackFideId "24198455"]
[EventDate "2022.10.12"]

1. e4 e5 2. Nf3 Nc6 3. d4 exd4 4. Nxd4 Qf6 5. Nf3 Bb4+ 6. c3 Bc5 7. Bg5 Qg6 8.
Nbd2 Nf6 9. Bd3 Ne5 10. Bc2 d6 11. Qe2 Bg4 12. Be3 Bxe3 13. Qxe3 Bxf3 14. gxf3
Nh5 15. f4 Qg2 16. O-O-O Ng4 17. Qd4 Qxf2 18. Qa4+ c6 19. Rhf1 Qc5 20. e5 O-O
21. Ne4 Qe3+ 22. Kb1 dxe5 23. Rde1 Qb6 24. fxe5 Ne3 25. Rg1 Kh8 26. Ng5 g6 27.
Bb3 Nd5 28. Qh4 Rae8 29. c4 Ndf4 30. c5 Qc7 31. Ref1 Qxe5 32. Ka1 Kg7 33. Rg4 h6
34. Nxf7 Rxf7 35. Bxf7 Kxf7 36. Rgxf4+ Nxf4 37. Rxf4+ Kg7 38. Rf1 Re6 39. Qb4
Re7 40. h3 Qe3 41. h4 Rd7 42. Qc4 Qd4 43. Rf7+ Kg8 44. Qe6 Qd1# 0-1

[Event "59th World Juniors 2022"]
[Site "Cala Gonone ITA"]
[Date "2022.10.19"]
[Round "8.10"]
[White "Olsen, Filip Boe"]
[Black "Seo, Jung Min"]
[Result "1/2-1/2"]
[WhiteTitle "IM"]
[BlackTitle "IM"]
[WhiteElo "2433"]
[BlackElo "2520"]
[WhiteFideId "1440640"]
[BlackFideId "1734687"]
[EventDate "2022.10.12"]

1. d4 Nf6 2. c4 e6 3. Nc3 Bb4 4. e3 O-O 5. Bd2 b6 6. Nf3 Bxc3 7. Bxc3 Ne4 8. Rc1
Bb7 9. Be2 d6 10. O-O Nxc3 11. Rxc3 Nd7 12. Ne1 Nf6 13. f3 c5 14. Nc2 cxd4 15.
Nxd4 d5 16. c5 bxc5 17. Rxc5 e5 18. Nb3 Nd7 19. Ra5 Qb6 20. Qd2 a6 21. Ra4 Rac8
22. Na5 Ba8 23. Nb3 Bb7 24. Na5 Ba8 25. Nb3 Bb7 1/2-1/2

[Event "59th World Juniors 2022"]
[Site "Cala Gonone ITA"]
[Date "2022.10.19"]
[Round "8.11"]
[White "Horvath, Dominik"]
[Black "Ghimpu, Samuel-Timotei"]
[Result "0-1"]
[WhiteTitle "IM"]
[BlackTitle "FM"]
[WhiteElo "2505"]
[BlackElo "2434"]
[WhiteFideId "1642561"]
[BlackFideId "1238175"]
[EventDate "2022.10.12"]

1. Nf3 d5 2. d4 Nf6 3. c4 e6 4. g3 dxc4 5. Bg2 Nbd7 6. O-O c6 7. a4 a5 8. Qc2 b5
9. Nfd2 Ra6 10. Nc3 Qb6 11. axb5 cxb5 12. b3 Bb7 13. Bxb7 Qxb7 14. bxc4 bxc4 15.
Nxc4 Bb4 16. Na2 O-O 17. Nxb4 axb4 18. Bd2 Rc8 19. Qd3 h6 20. Na5 Qb6 21. Bxb4
e5 22. dxe5 Nxe5 23. Qf5 Nfd7 24. Rfb1 Qd4 25. Nb3 Qc4 26. Rxa6 Qxa6 27. Nd4 Qc4
28. Qf4 Rb8 29. Qd2 Nf6 30. Qf4 Ned7 31. Nf5 Qxe2 32. Re1 Qg4 33. Qxg4 Nxg4 34.
Bd6 Rb2 35. Re8+ Kh7 36. Re7 Ndf6 37. Be5 Rxf2 38. Bxf6 Rxf5 39. Bd4 Rd5 40. Bc3
Rd1+ 41. Re1 Rd3 42. Rc1 g5 43. Be1 Kg6 44. h3 Ne5 45. Kg2 Re3 46. Bf2 Re2 47.
Rd1 h5 48. Rd4 Kf5 49. Kf1 Rc2 50. Kg2 g4 51. h4 Rc4 52. Rd2 Ke6 53. Be3 Nd7 54.
Ra2 Nf6 55. Ra6+ Kf5 56. Ra2 Ke4 57. Bf2 Kd3 58. Ra7 Rc2 59. Rxf7 Ne4 60. Rd7+
Kc3 61. Rc7+ Kd3 62. Rd7+ Kc3 63. Rc7+ Kb2 64. Rb7+ Kc1 65. Rb5 Rxf2+ 66. Kg1
Rf3 67. Rxh5 Rxg3+ 68. Kh2 Kd2 69. Re5 Rh3+ 70. Kg2 Ke3 0-1

[Event "59th World Juniors 2022"]
[Site "Cala Gonone ITA"]
[Date "2022.10.19"]
[Round "8.12"]
[White "Blohberger, Felix"]
[Black "Harshavardhan, G B"]
[Result "1/2-1/2"]
[WhiteTitle "GM"]
[BlackTitle "IM"]
[WhiteElo "2493"]
[BlackElo "2433"]
[WhiteFideId "1632051"]
[BlackFideId "25059009"]
[EventDate "2022.10.12"]

1. d4 Nf6 2. c4 e6 3. Nc3 Bb4 4. e3 b6 5. Ne2 Bb7 6. a3 Bd6 7. Qc2 c5 8. d5 exd5
9. cxd5 Qe7 10. e4 Be5 11. f3 d6 12. Ng3 g6 13. Bb5+ Nbd7 14. O-O Rc8 15. Nce2
h5 16. Bc6 Bxc6 17. dxc6 Nb8 18. f4 Bd4+ 19. Nxd4 cxd4 20. e5 dxe5 21. fxe5 Ng4
22. Bf4 O-O 23. Rae1 Nxc6 24. e6 f5 25. Qd2 h4 26. Bg5 Qh7 27. Ne2 h3 28. gxh3
Qxh3 29. Nf4 Qh7 30. h3 Ne3 31. Rxe3 dxe3 32. Qxe3 Qg7 33. Rd1 Qe5 34. Qf2 Rfe8
35. Rd2 Qc5 36. Rd7 Qxf2+ 37. Kxf2 Ne5 38. Rxa7 Rc2+ 39. Kg3 Rc6 40. Bf6 Rcxe6
41. Rg7+ Kf8 42. Nxe6+ Rxe6 43. Bxe5 Rxe5 44. Rxg6 Re3+ 45. Kf4 Rb3 46. Rg2 Rxh3
47. Re2 Kf7 48. Kxf5 Rh5+ 49. Kf4 Kf6 50. Re3 Rh4+ 51. Kg3 Rc4 52. Kf2 Rc2+ 53.
Re2 Rc6 54. Ke1 Rd6 55. Re3 Kf5 56. Ke2 Kf4 57. Rd3 Rc6 58. Kd2 Ke5 59. Rc3 Rh6
60. Kc2 Rh2+ 61. Kb3 Kd5 62. Rc2 Rh4 63. a4 Rg4 64. Ka3 Rh4 65. Rc8 Rg4 66. b3
Rh4 67. Kb2 Rg4 68. Kc3 Rh4 69. Rc7 Rg4 70. Kb2 Rh4 71. Ka3 Rg4 72. Rc3 Rh4 73.
b4 Rh1 74. b5 Rh4 75. Rb3 Rh1 76. Rg3 Kc4 77. Rg4+ Kc3 78. Rg3+ Kc4 79. Kb2 Rh2+ 1/2-1/2

[Event "59th World Juniors 2022"]
[Site "Cala Gonone ITA"]
[Date "2022.10.19"]
[Round "8.13"]
[White "Zhu, Jiner"]
[Black "Sokolovsky, Yahli"]
[Result "1-0"]
[WhiteTitle "WGM"]
[BlackTitle "FM"]
[WhiteElo "2484"]
[BlackElo "2416"]
[WhiteFideId "8608059"]
[BlackFideId "2820242"]
[EventDate "2022.10.12"]

1. d4 Nf6 2. c4 c6 3. Nc3 d5 4. Nf3 e6 5. e3 Nbd7 6. Bd3 dxc4 7. Bxc4 b5 8. Bd3
b4 9. Na4 c5 10. O-O cxd4 11. Nxd4 Bb7 12. a3 Qa5 13. axb4 Qd5 14. f3 Bxb4 15.
Nb5 Qe5 16. f4 Qb8 17. Bd2 Bxd2 18. Qxd2 a6 19. Nd4 O-O 20. b4 Rc8 21. Rfc1 Qd6
22. Nb3 Qd5 23. Nac5 Nxc5 24. Nxc5 Rd8 25. Qe2 Rab8 26. Bxa6 Ba8 27. Bc4 Qc6 28.
Ra6 Rb6 29. Rxb6 Qxb6 30. Rd1 Rxd1+ 31. Qxd1 Bd5 32. Qa4 g6 33. Bf1 Qd6 34. Qa6
Qc7 35. Qd3 e5 36. Qc3 Nd7 37. Bb5 Nb6 38. Qxe5 Qa7 39. Bf1 Qa3 40. Qb8+ Kg7 41.
Qxb6 Qxe3+ 42. Kh1 Qxf4 43. Qb5 Qd2 44. Qd3 1-0

[Event "59th World Juniors 2022"]
[Site "Cala Gonone ITA"]
[Date "2022.10.19"]
[Round "8.14"]
[White "Petriashvili, Nikoloz"]
[Black "Stefansson, Vignir Vatnar"]
[Result "1-0"]
[WhiteTitle "IM"]
[BlackTitle "IM"]
[WhiteElo "2428"]
[BlackElo "2471"]
[WhiteFideId "13611216"]
[BlackFideId "2308649"]
[EventDate "2022.10.12"]

1. e4 e5 2. Nf3 Nf6 3. Nxe5 d6 4. Nf3 Nxe4 5. Nc3 Nxc3 6. dxc3 Be7 7. Be3 Nc6 8.
Qd2 Be6 9. O-O-O Qd7 10. Bb5 a6 11. Ba4 b5 12. Bb3 O-O 13. Rhe1 a5 14. Nd4 a4
15. Bxe6 fxe6 16. Qe2 Nxd4 17. Bxd4 Bg5+ 18. Kb1 Rae8 19. Qg4 Bf6 20. f3 Qf7 21.
Bxf6 Qxf6 22. a3 Re7 23. Re2 Qf4 24. Qh3 Qf5 25. Qh4 Ree8 26. Qd4 Qf7 27. Re4
Qd7 28. c4 Rf5 29. Rde1 c6 30. cxb5 cxb5 31. Qe3 Rf6 32. Qb6 Rc8 33. Rb4 Rf5 34.
Rd4 Rc6 35. Qb8+ Kf7 36. Red1 Qc7 37. Qxc7+ Rxc7 38. Rxd6 Rh5 39. h3 Re5 40.
R1d2 Re1+ 41. Ka2 Rc1 42. Rd7+ Rxd7 43. Rxd7+ Kf6 44. Rd2 g5 45. b3 axb3+ 46.
cxb3 h5 47. Kb2 Rc8 48. Rc2 Rd8 49. Kc3 Rd1 50. Kb4 Ra1 51. Rc5 Ra2 52. Rxb5
Rxg2 53. a4 g4 54. hxg4 hxg4 55. fxg4 Rxg4+ 56. Kc5 Rg5+ 57. Kc6 e5 58. Rb4 Kf5
59. a5 e4 60. a6 e3 61. a7 Rg6+ 62. Kb5 e2 63. a8=Q e1=Q 64. Qf3+ Kg5 65. Rg4+
Kh6 66. Qf4+ Kh7 67. Rh4+ Kg8 68. Qb8+ Kf7 69. Qc7+ Kf6 70. Qd6+ Kg7 71. Qd4+
Kf7 72. Rh7+ Ke6 73. Qc4+ Kf5 74. Qd5+ Kf4 75. Rf7+ Kg3 76. Qf3+ 1-0

[Event "59th World Juniors 2022"]
[Site "Cala Gonone ITA"]
[Date "2022.10.19"]
[Round "8.15"]
[White "Nogerbek, Kazybek"]
[Black "Zemach, Nadav"]
[Result "1/2-1/2"]
[WhiteTitle "IM"]
[BlackTitle "FM"]
[WhiteElo "2467"]
[BlackElo "2293"]
[WhiteFideId "13710427"]
[BlackFideId "2820927"]
[EventDate "2022.10.12"]

1. d4 d5 2. Nf3 e6 3. Bf4 c5 4. e3 Bd6 5. Bg3 Nf6 6. Bb5+ Nc6 7. c3 O-O 8. Nbd2
a6 9. Bxc6 bxc6 10. Qa4 Rb8 11. Bxd6 Qxd6 12. Qa3 Nd7 13. Nb3 Qe7 14. O-O Re8
15. c4 dxc4 16. Na5 Qf8 17. dxc5 Qxc5 18. Qxc5 Nxc5 19. Nxc4 Ne4 20. Nfe5 Bb7
21. f3 Nf6 22. Nd6 Re7 23. e4 Nd7 24. Nxd7 Rxd7 25. Rfd1 Rbd8 26. e5 f6 27. Re1
fxe5 28. Nc4 c5 29. Nxe5 Rd2 30. Nc4 Rc2 31. b3 Bd5 32. Ne3 Rb2 33. Red1 Kf8 34.
Kf1 Ke8 35. Ke1 a5 36. Rdb1 Rxb1+ 37. Rxb1 a4 38. bxa4 Ra8 39. Rb5 Rxa4 40. Rxc5
Rxa2 41. Kf1 Kd7 42. Rb5 Ke7 43. Rb4 Kf6 44. Ng4+ Kg6 45. Rf4 h5 46. Ne5+ Kg5
47. Rf7 Kh6 48. Rf8 Kh7 49. Rf4 g5 50. Rf7+ Kg8 51. Rf6 g4 52. Rg6+ Kf8 53. Kg1
gxf3 54. gxf3 h4 55. Rh6 Re2 56. Rh5 Kg7 57. h3 Kf6 58. f4 Re4 59. Ng4+ Kg7 60.
Rg5+ Kf7 61. f5 exf5 62. Rxf5+ Ke6 63. Rh5 Re2 64. Rxh4 Kf7 65. Nf2 Kg6 66. Nd3
Kg7 67. Rg4+ Kh7 68. Nf2 Be6 69. Rf4 Re3 70. Kh2 Kg6 71. h4 Kh5 72. Rd4 Bc8 73.
Rd8 Bf5 74. Rh8+ Kg6 75. Rg8+ Kh7 76. Rg5 Be6 77. Kg2 Bd7 78. Rc5 Be6 79. Kh2
Kg7 80. Rb5 Kh7 81. Rb4 Kg6 82. Nh1 Rb3 83. Rd4 Rb2+ 84. Kg3 Rb3+ 85. Kg2 Bc8
86. Nf2 Bf5 87. Rd8 Kg7 88. Rd6 Ra3 89. Rb6 Rc3 90. Rb4 Kg6 91. Nh1 Bd7 92. Nf2
Bf5 93. Nd1 Rd3 94. Nb2 Rc3 95. Nc4 Kh5 96. Kf2 Be6 97. Ne3 Rc5 98. Kg3 Kg6 99.
Rb6 Kf7 100. Kf4 Rh5 101. Kg3 Rc5 102. Nd1 Rc1 103. Nf2 Rc4 104. h5 Bf5 105. h6
Kg8 106. Rb7 Rc6 107. Kf4 Bc8 108. h7+ Kh8 109. Rf7 Be6 110. Re7 Ba2 111. Ne4
Re6 112. Ra7 Rxe4+ 113. Kxe4 Bb1+ 114. Ke5 Bxh7 115. Kf6 Bg8 116. Kg6 Bb3 117.
Rh7+ Kg8 118. Rh2 Bc4 119. Kf6 Bb3 120. Rg2+ Kh8 121. Kg6 Bc4 122. Rd2 Bb3 123.
Kf6 Bg8 124. Rh2+ Bh7 125. Rh1 Kg8 126. Rg1+ Kh8 127. Kf7 Bc2 128. Rc1 Bb3+ 129.
Kg6 Ba2 130. Rh1+ Kg8 131. Ra1 Bf7+ 132. Kh6 Kh8 133. Ra7 Bg8 134. Kg6 Bb3 135.
Rh7+ Kg8 136. Rb7 Bc2+ 137. Kh6 Bd3 138. Rg7+ Kh8 139. Rc7 Kg8 140. Rc8+ Kf7
141. Rc3 Bb1 142. Rg3 Kf8 143. Rg7 Bc2 144. Rc7 Bb1 145. Kg5 Kg8 146. Kf6 Kh8
147. Rb7 Ba2 148. Kg6 Bg8 149. Rb2 Bh7+ 150. Kf7 Bg8+ 151. Kf8 Bh7 152. Rg2 Bd3
153. Rg3 Bh7 154. Kf7 Bb1 155. Ra3 Bc2 156. Rc3 Bb1 157. Rc1 Ba2+ 158. Kg6 Bb3
159. Rc8+ Bg8 160. Rf8 1/2-1/2

[Event "59th World Juniors 2022"]
[Site "Cala Gonone ITA"]
[Date "2022.10.19"]
[Round "8.16"]
[White "Milikow, Yoav"]
[Black "Stoyanov, Tsvetan"]
[Result "0-1"]
[WhiteTitle "IM"]
[BlackTitle "IM"]
[WhiteElo "2412"]
[BlackElo "2449"]
[WhiteFideId "2822237"]
[BlackFideId "2917173"]
[EventDate "2022.10.12"]

1. d4 Nf6 2. c4 b6 3. Nc3 Bb7 4. Qc2 d5 5. cxd5 Nxd5 6. Nf3 Nxc3 7. bxc3 e6 8.
e4 Be7 9. Bd3 c5 10. O-O cxd4 11. cxd4 O-O 12. Bb2 Nd7 13. Rac1 Rc8 14. Qa4 Rxc1
15. Rxc1 Nf6 16. Ne5 Nxe4 17. Qxa7 Nd6 18. Nc6 Bxc6 19. Rxc6 Qa8 20. Qxa8 Rxa8
21. Rxb6 Rxa2 22. Rb8+ Bf8 23. g4 Ra7 24. Rd8 f6 25. Bc3 Rb7 26. Bd2 g5 27. Kf1
Kg7 28. Ra8 Nb5 29. Ra4 Nd6 30. Bb4 h6 31. Bc5 Nf7 32. Be4 Rd7 33. Ra6 Bd6 34.
h3 Bxc5 35. dxc5 Rc7 36. c6 Nd6 37. Rb6 Nxe4 38. Rb7 Rf7 39. c7 Nd6 40. Ke2 Nc8
41. Kd3 Rd7+ 42. Kc4 Kf7 43. Kc5 Ke7 0-1

[Event "59th World Juniors 2022"]
[Site "Cala Gonone ITA"]
[Date "2022.10.19"]
[Round "8.17"]
[White "Manish Anto, Cristiano F"]
[Black "Gurel, Ediz"]
[Result "1/2-1/2"]
[WhiteTitle "IM"]
[BlackTitle "IM"]
[WhiteElo "2332"]
[BlackElo "2445"]
[WhiteFideId "25095927"]
[BlackFideId "44507356"]
[EventDate "2022.10.12"]

1. e4 c5 2. Nf3 e6 3. d4 cxd4 4. Nxd4 Nc6 5. Nc3 a6 6. a3 Qc7 7. Be3 Nf6 8. f4
d6 9. Qf3 Be7 10. O-O-O h5 11. Nxc6 bxc6 12. Bc4 Rb8 13. e5 dxe5 14. fxe5 Nd5
15. Bd4 Nb6 16. Bxb6 Qxb6 17. Bb3 a5 18. Rhf1 O-O 19. Qxh5 Qe3+ 20. Kb1 g6 21.
Qe2 Qxe2 22. Nxe2 Ba6 23. Rfe1 a4 24. Bxa4 Bxa3 25. b3 Bb4 26. c3 Bxe2 27. Rxe2
Bxc3 28. Rc1 Bb4 29. Rxc6 Rfd8 30. Kc2 Rd4 31. Rc4 Rbd8 32. Bc6 Ba5 33. Rxd4
Rxd4 34. Bf3 Kg7 35. Bc6 Kf8 1/2-1/2

[Event "59th World Juniors 2022"]
[Site "Cala Gonone ITA"]
[Date "2022.10.19"]
[Round "8.18"]
[White "Murzin, Volodar"]
[Black "Peyrer, Konstantin"]
[Result "1-0"]
[WhiteTitle "IM"]
[BlackTitle "FM"]
[WhiteElo "2557"]
[BlackElo "2402"]
[WhiteFideId "44155573"]
[BlackFideId "1640879"]
[EventDate "2022.10.12"]

1. e4 e6 2. d4 d5 3. Nc3 Nf6 4. Bg5 dxe4 5. Nxe4 Be7 6. Bxf6 gxf6 7. Nf3 f5 8.
Ned2 a6 9. c3 b5 10. b4 O-O 11. a4 bxa4 12. Rxa4 Nd7 13. Ra5 Bb7 14. Bc4 c5 15.
dxc5 Nxc5 16. Rxc5 Bxc5 17. bxc5 Qa5 18. Qc1 Qxc5 19. Be2 Rac8 20. Nc4 f6 21.
O-O Bxf3 22. gxf3 Rf7 23. Kh1 Kh8 24. Qf4 Rg8 25. Ne3 Rfg7 26. Qc4 Qe7 27. h3
Qe8 28. Kh2 Qb8+ 29. Kh1 Rg5 30. Qxe6 Rh5 31. Qxf6+ Rg7 32. h4 Qb6 33. Qf8+ Rg8
34. Qe7 Qe6 35. Qb4 f4 36. Qd4+ Rg7 37. Qd8+ Rg8 38. Qd4+ Rg7 39. Ng4 Rxh4+ 40.
Kg1 Rxg4+ 41. fxg4 Qxe2 42. Qd8+ Rg8 43. Qf6+ Rg7 44. f3 Qe7 45. Qxf4 h5 46. Rb1
Qe6 47. Rb2 Kh7 48. Qh2 Qh6 49. Qc2+ Qg6 50. Qxg6+ Rxg6 51. Rh2 Rg5 52. Kf2 a5
53. Ke3 a4 54. Kd3 1-0

[Event "59th World Juniors 2022"]
[Site "Cala Gonone ITA"]
[Date "2022.10.19"]
[Round "8.19"]
[White "Muradli, Mahammad"]
[Black "Lumachi, Gabriele"]
[Result "1-0"]
[WhiteTitle "GM"]
[BlackTitle "FM"]
[WhiteElo "2550"]
[BlackElo "2387"]
[WhiteFideId "13409301"]
[BlackFideId "2817247"]
[EventDate "2022.10.12"]

1. c4 e6 2. g3 d5 3. Bg2 Nf6 4. Nf3 dxc4 5. Qa4+ Nbd7 6. Qxc4 c5 7. Qc2 b6 8.
O-O Bb7 9. Rd1 Rc8 10. Nc3 a6 11. b3 Be7 12. Bb2 b5 13. d3 O-O 14. e4 Qb6 15.
Qe2 Rfd8 16. Rac1 Ba8 17. Ba1 Qb8 18. Nb1 c4 19. dxc4 bxc4 20. Rxc4 Rxc4 21.
Qxc4 Nb6 22. Rxd8+ Qxd8 23. Qxa6 Qd1+ 24. Qf1 Qc2 25. Nc3 Bc5 26. Ne1 Qd2 27.
Nd3 Ba3 28. e5 Bxg2 29. Kxg2 Nfd5 30. Qe2 Qg5 31. Ne4 Qg6 32. Bd4 Nc8 33. h4 h5
34. Ng5 Nce7 35. Bc5 Bxc5 36. Nxc5 Nf5 37. Qe4 Kh8 38. Kh2 1-0